[Event "Chinese Chess League 2019"]
[Site "Shen Yang"]
[Date "2019.11.23"]
[Round "18.17"]
[White "Zeng, Chongsheng"]
[Black "Yu, Yangyi"]
[Result "1-0"]
[WhiteElo "2544"]
[BlackElo "2753"]
[Annotator "TA"]
[PlyCount "126"]
[EventDate "2019.04.09"]
[EventType "team-tourn"]
[EventCountry "CHN"]
[SourceTitle "playchess.com"]
[Source "ChessBase"]
[SourceQuality "1"]

{[%evp 10,126,0,-6,0,0,0,0,0,0,0,0,0,0,0,-20,-21,-18,-26,-22,0,0,0,0,0,0,0,0,-13,-16,53,0,0,0,5,0,39,47,48,0,0,0,0,0,0,0,0,0,0,-6,-6,-7,0,0,0,0,0,0,256,251,252,254,239,198,178,8,8,8,22,23,23,0,0,0,0,0,0,0,0,0,0,0,0,0,0,0,0,0,0,0,0,0,12837,12837,12850,12851,12851,12851,27992,27992,27993,27993,27994,27994,27995,27995,27994,27996,27996,27998,27997,27997,27998,27998,27999,27999,27994,27999,27998]} 1. c4 e5 2. Nc3 Nf6 3. Nf3 Nc6 4. d3 d5 5. cxd5 Nxd5 6. e4 Nf6 {A28: English Opening: Four Knights Variation} 7. h3 Bc5 8. Be3 Bb6 {The position is equal.} 9. Be2 O-O (9... Nh5 10. Qd2 Bxe3 11. fxe3 Ng3 12. Rg1 O-O 13. Bd1 Be6 14. Ba4 {0-1 (42) Kramnik,V (2753)-Grischuk,A (2759) Amsterdam 2019}) 10. O-O Qe7 11. Rc1 Rd8 12. a3 Be6 $146 ({Predecessor:} 12... h6 13. Qc2 Be6 14. Na4 {1-0 (39) Ju,W (2535)-Ni,S (2213) China 2013}) 13. Qc2 Nh5 14. Na4 Nf4 15. Bxf4 exf4 16. Nc5 Nd4 17. Nxd4 Rxd4 18. Nxb7 Qg5 {White must now prevent ...Bxh3.} (18... Rb8 $5 19. Nc5 $8 Bxc5 20. Qxc5 Qxc5 21. Rxc5 Rxb2 $14) 19. Kh2 h5 (19... c5 $11) 20. Bf3 (20. b4 $1 $14) 20... Bg4 21. b4 (21. hxg4 $2 hxg4 22. Bxg4 Qxg4 $19) 21... Rb8 22. Nc5 (22. hxg4 $2 hxg4 23. Bxg4 Qxg4 $19) 22... Rbd8 23. Qe2 (23. hxg4 hxg4 24. Bxg4 Qxg4 $15) 23... Bxf3 24. Qxf3 a5 25. Rc4 Rxc4 26. dxc4 Bxc5 27. bxc5 $11 {[%mdl 4096] Endgame KQR-KQR} Rd4 28. Rb1 Qe5 29. Rb5 {Hoping for c6.} Rxc4 30. Rxa5 Rc3 31. Ra8+ Kh7 32. Re8 $1 {[%cal Re8e5]} Rxf3 33. Rxe5 Rxa3 $2 {[%mdl 8192]} (33... Rxf2 $11 {and Black has nothing to worry.} 34. Rxh5+ Kg6) 34. Rxh5+ {KR-KR} Kg6 35. Rf5 $1 Rc3 36. h4 (36. Rxf4 Rxc5 37. h4 Re5 $16) 36... f6 37. h5+ $2 ({Don't do} 37. Rxf4 Rxc5 38. g4 Rb5 $16) (37. f3 $18) 37... Kh6 $1 38. f3 c6 39. Kh3 Rc2 40. Kg4 Rxg2+ 41. Kxf4 {With the idea e5.} Rc2 42. Ke3 Rc1 43. f4 Re1+ 44. Kd3 Rd1+ 45. Ke2 Rh1 46. e5 fxe5 $1 47. Rxe5 ({Of course not} 47. fxe5 Rxh5 48. Rf1 (48. Rxh5+ Kxh5 49. Kf3 Kg5 $19) 48... Rxe5+ 49. Kd3 Rxc5 $17) 47... Rh3 48. Re3 Rh1 49. Re8 {[%cal Re8h8]} g6 50. Re6 Kxh5 $2 {[%mdl 8192]} (50... Rxh5 $11 51. Rxc6 Kg7) 51. Rxc6 $18 Kg4 52. Rxg6+ Kf5 53. Rg8 Kxf4 54. Kd3 {White mates.} Ke5 {[#]} 55. Kc4 $1 Ke6 {[#]} 56. Rd8 $1 Ke7 57. Rd2 Rh8 58. Kb5 Rg8 59. Kb6 Ke6 60. c6 Rb8+ 61. Kc7 Rh8 62. Kb7 Rh1 63. Rb2 Kd5 {Accuracy: White = 70%, Black = 65%.} 1-0

[Event "Chinese Chess League 2019"]
[Site "Shen Yang"]
[Date "2019.11.23"]
[Round "18.18"]
[White "Zhou, Weiqi"]
[Black "Li, Chao b"]
[Result "1/2-1/2"]
[WhiteElo "2587"]
[BlackElo "2687"]
[Annotator "TA"]
[PlyCount "43"]
[EventDate "2019.04.09"]
[EventType "team-tourn"]
[EventCountry "CHN"]
[SourceTitle "playchess.com"]
[Source "ChessBase"]
[SourceQuality "1"]

{[%evp 15,43,17,18,11,11,7,12,7,11,8,12,11,3,0,9,0,0,0,5,0,0,0,0,0,0,0,2,0,0,0]} 1. d4 d5 2. c4 dxc4 3. Nf3 a6 4. e3 b5 5. a4 Bb7 6. b3 e6 ({Predecessor:} 6... Nf6 7. axb5 axb5 8. Rxa8 Bxa8 9. bxc4 bxc4 10. Bxc4 {½-½ (31) Plichta,K (2342)-Bartel,M (2327) Jastrzebia Gora 2015}) 7. axb5 axb5 8. Rxa8 Bxa8 {The position is equal.} 9. bxc4 {D22: Queen's Gambit Accepted: 3 Nf3 a6 4 e3} bxc4 10. Bxc4 Nf6 $146 (10... Bd6 11. Ba3 Nf6 12. Qa4+ Nbd7 13. Bxd6 cxd6 14. Nbd2 O-O 15. Qa3 Qc7 16. O-O Bxf3 17. gxf3 {½-½ (146) Dreev,A (2670)-Li,C (2699) chess.com INT 2019}) 11. O-O Be7 12. Ba3 O-O 13. Bxe7 Qxe7 14. Nbd2 c5 15. Be2 cxd4 16. Nxd4 Nc6 17. Nxc6 Bxc6 18. Bf3 Bb5 19. Be2 Bc6 20. Bf3 Bb5 21. Be2 Bc6 22. Bf3 1/2-1/2

[Event "Chinese Chess League 2019"]
[Site "Shen Yang"]
[Date "2019.11.23"]
[Round "18.19"]
[White "Wang, Yu A."]
[Black "Tan, Zhongyi"]
[Result "1-0"]
[WhiteElo "2275"]
[BlackElo "2504"]
[Annotator "ChessBase"]
[PlyCount "75"]
[EventDate "2019.04.09"]
[EventType "team-tourn"]
[EventCountry "CHN"]
[SourceTitle "playchess.com"]
[Source "ChessBase"]
[SourceQuality "1"]
[TimeControl "5400+30"]

1. e4 {[%emt 0:00:00]} c5 {[%emt 0:00:00]} 2. Nf3 {[%emt 0:00:00]} d6 {[%emt 0:00:10]} 3. d4 {[%emt 0:00:00]} cxd4 {[%emt 0:00:08]} 4. Nxd4 {[%emt 0:00:00]} Nf6 {[%emt 0:00:08]} 5. Nc3 {[%emt 0:00:00]} a6 {[%emt 0:00:07]} 6. Bd3 {[%emt 0:00:00]} Nc6 {[%emt 0:04:48]} 7. Nxc6 {[%emt 0:03:06]} bxc6 {[%emt 0:00:22]} 8. O-O {[%emt 0:00:25]} g6 {[%emt 0:00:11]} 9. Qe2 {[%emt 0:08:12]} Bg7 {[%emt 0:00:18]} 10. f4 {[%emt 0:00:29]} O-O {[%emt 0:00:25]} 11. f5 {[%emt 0:02:19]} Nd7 {[%emt 0:01:13]} 12. Kh1 {[%emt 0:03:19]} Ne5 {[%emt 0:00:39]} 13. Bg5 {[%emt 0:00:40]} Rb8 {[%emt 0:02:08]} 14. Rab1 {[%emt 0:12:15]} a5 {[%emt 0:00:09]} 15. Na4 {[%emt 0:02:41]} Re8 {[%emt 0:05:44]} 16. b3 {[%emt 0:02:37]} Qc7 {[%emt 0:00:47]} 17. c4 {[%emt 0:06:35]} Ba6 {[%emt 0:08:43]} 18. Rbc1 {[%emt 0:03:25]} Kh8 {[%emt 0:12:11]} 19. Bb1 {[%emt 0:03:04]} gxf5 {[%emt 0:08:43]} 20. exf5 {[%emt 0:07:21]} Bf6 {[%emt 0:00:21]} 21. Bf4 {[%emt 0:07:45]} Rg8 {[%emt 0:06:14]} 22. Qh5 {[%emt 0:05:07]} Rg7 {[%emt 0:00:57]} 23. Bh6 {[%emt 0:01:07]} Rg4 {[%emt 0:00:28]} 24. Bf4 {[%emt 0:05:17]} Rbg8 {[%emt 0:09:29]} 25. Bxe5 {[%emt 0:06:58]} dxe5 {[%emt 0:00:18]} 26. Nc5 {[%emt 0:00:02]} Qa7 {[%emt 0:14:22]} 27. Nxa6 {[%emt 0:01:51]} Rxg2 {[%emt 0:00:49]} 28. Be4 {[%emt 0:02:23]} R2g4 {[%emt 0:02:58]} 29. Bf3 {[%emt 0:06:54]} Rh4 {[%emt 0:15:47]} 30. Qxf7 {[%emt 0:00:02]} Qd4 {[%emt 0:00:45]} 31. Rc2 {[%emt 0:02:59]} e4 {[%emt 0:04:44]} 32. Rg2 {[%emt 0:00:43]} Rxg2 {[%emt 0:00:34]} 33. Bxg2 {[%emt 0:00:01]} Rg4 {[%emt 0:00:06]} 34. Qe8+ {[%emt 0:01:03]} Kg7 {[%emt 0:00:25]} 35. Nc7 {[%emt 0:03:44]} Qd2 {[%emt 0:01:19]} 36. Bh3 {[%emt 0:00:20]} Qd3 {[%emt 0:00:45]} 37. Qh5 {[%emt 0:00:30]} Rg6 {[%emt 0:00:44]} 38. Ne6+ {[%emt 0:00:35]} 1-0

[Event "Chinese Chess League 2019"]
[Site "Shen Yang"]
[Date "2019.11.23"]
[Round "18.20"]
[White "Song, Yuxin"]
[Black "Lei, Tingjie"]
[Result "1/2-1/2"]
[WhiteElo "2284"]
[BlackElo "2485"]
[Annotator "TA"]
[PlyCount "60"]
[EventDate "2019.04.09"]
[EventType "team-tourn"]
[EventCountry "CHN"]
[SourceTitle "playchess.com"]
[Source "ChessBase"]
[SourceQuality "1"]

{[%evp 14,60,24,0,5,0,31,0,-3,0,0,0,0,0,0,0,0,0,0,0,0,0,0,0,0,0,0,0,7,-7,0,-8,-14,-4,-6,-13,8,0,6,5,15,0,0,0,0,0,0,0,0]} 1. e4 c5 2. Nf3 d6 3. Bb5+ Nd7 4. d4 Ngf6 5. O-O cxd4 6. Qxd4 a6 7. Bxd7+ Bxd7 8. Bg5 e6 {B51: Sicilian: Moscow Variation (3 Bb5+) without 3...Bd7} 9. Nc3 (9. Rd1 Bc6 10. Nc3 Be7 11. Bh4 O-O 12. e5 dxe5 13. Nxe5 Qxd4 14. Rxd4 Rfc8 15. Rc1 Be8 16. Ng4 {½-½ (82) Grandelius,N (2647)-Wang,H (2711) Caleta 2018}) 9... Be7 10. e5 dxe5 {The position is equal.} 11. Nxe5 Bb5 $146 ({Predecessor:} 11... Rc8 12. Rad1 Bc6 13. Qh4 Qa5 14. Rfe1 Qb4 15. Nxc6 Qxh4 16. Bxh4 {½-½ (16) Romanov,E (2521)-Vorobiov,E (2572) Krasnoyarsk 2007}) 12. Qxd8+ Rxd8 13. Rfd1 Rc8 14. Nxb5 axb5 15. c3 Nd5 16. Bxe7 Kxe7 17. a4 f6 18. Nd3 bxa4 19. Rxa4 Rhd8 20. g3 Nb6 21. Raa1 Rd5 22. Kf1 g5 (22... Rcd8 $5 23. Ke2 $8 Rb5 $11) 23. h3 Rb5 24. Ra7 Nd5 25. Rda1 Rc4 26. R1a4 Rc7 27. c4 Rb3 28. cxd5 {[#] And now Rd4 would win.} Rxd3 29. Rb4 Rxd5 30. Rbxb7 Rxb7 {Accuracy: White = 58%, Black = 58%.} 1/2-1/2

[Event "Chinese Chess League 2019"]
[Site "Shen Yang"]
[Date "2019.11.23"]
[Round "18.21"]
[White "Ma, Qun"]
[Black "Xiang, Zeyu"]
[Result "1-0"]
[WhiteElo "2629"]
[BlackElo "2448"]
[Annotator "TA"]
[PlyCount "97"]
[EventDate "2019.04.09"]
[EventType "team-tourn"]
[EventCountry "CHN"]
[SourceTitle "playchess.com"]
[Source "ChessBase"]
[SourceQuality "1"]

{[%evp 13,97,54,35,30,19,19,19,19,19,14,16,23,25,19,22,24,17,16,28,28,38,35,39,31,39,31,34,33,33,29,45,32,43,44,47,48,62,57,72,68,67,71,105,105,97,94,94,94,105,97,99,96,103,99,106,108,106,109,153,158,167,175,225,218,222,208,331,333,293,312,258,261,298,277,400,388,443,410,420,398,444,425,544,450,409,412]} 1. e4 e5 2. Nf3 Nc6 3. Bc4 Bc5 $146 ({Predecessor:} 3... Nf6 4. d3 Bc5 {½-½ (65) Antal,G (2553)-Almasi,Z (2689) Budapest 2018}) 4. c3 Nf6 5. d3 O-O 6. O-O d5 7. exd5 Nxd5 8. a4 {C54: Giuoco Piano: 4 c3 Nf6, main lines with 5 d4 and 5 d3} Bf5 9. Nbd2 Nb6 10. Bb5 {The position is equal.} Bxd3 11. Re1 $1 {[#] Hoping for Nb3.} e4 $1 {[%mdl 512]} 12. Nxe4 Bxe4 13. Qxd8 Raxd8 14. Rxe4 Rd1+ 15. Re1 Rxe1+ 16. Nxe1 Nd5 17. Nd3 Bd6 18. a5 a6 19. Bc4 Nf6 20. g3 Re8 21. Kg2 h6 22. Be3 Ng4 23. Bd2 Nge5 24. Nxe5 Nxe5 25. Be2 c6 26. Be3 Bc7 27. b4 Kf8 28. Bc5+ Kg8 29. Rd1 Rd8 30. Rxd8+ Bxd8 $16 {[%mdl 4096] Endgame KBB-KBN} 31. Bd6 Nd7 32. Bg4 $1 {[%cal Rg4d7]} Nf6 33. Bc8 Ne4 34. Be5 f6 35. Bf4 b6 36. axb6 (36. Bxa6 $6 bxa5 37. Bb7 Nxc3 $14) 36... Bxb6 37. c4 $1 ({Don't take} 37. Bxa6 $6 Nxc3 38. Bd2 Ne4 $14) 37... a5 38. c5 Bd8 {[#]} 39. b5 $1 {[%cal Rb5c6]} cxb5 {[#]} (39... g5 $142) 40. c6 $1 $18 a4 41. c7 Bxc7 42. Bxc7 Kf7 43. Bb7 Nc5 (43... Nd2 {keeps fighting.} 44. Bd6 Ke6) 44. Bc6 Ke6 {next ...a3 is good for Black.} 45. Bxb5 Kd5 {...a3 is the strong threat.} 46. Be8 a3 {Threatens to win with ...a2.} 47. Bf7+ Ne6 {aiming for ...a2.} 48. Ba5 a2 49. Bc3 {Accuracy: White = 93%, Black = 64%.} 1-0

[Event "Chinese Chess League 2019"]
[Site "Shen Yang"]
[Date "2019.11.23"]
[Round "18.22"]
[White "Jakovenko, Dmitry"]
[Black "Zou, Chen"]
[Result "1-0"]
[WhiteElo "2691"]
[BlackElo "2462"]
[Annotator "TA"]
[PlyCount "53"]
[EventDate "2019.04.09"]
[EventType "team-tourn"]
[EventCountry "CHN"]
[SourceTitle "playchess.com"]
[Source "ChessBase"]
[SourceQuality "1"]

{[%evp 18,53,20,12,7,1,0,0,10,0,14,11,44,35,45,54,42,52,45,36,25,0,0,0,0,0,0,0,193,170,262,278,279,261,235,193,2134,2074]} 1. e4 e5 2. Nf3 Nc6 3. Bc4 Bc5 4. c3 Nf6 5. d3 d6 6. Nbd2 a6 7. Bb3 Ba7 8. Nf1 h6 9. Ng3 O-O 10. O-O Re8 {C54: Giuoco Piano: 4 c3 Nf6, main lines with 5 d4 and 5 d3} (10... Be6 11. h3 Qd7 12. Be3 Ne7 13. Nh4 Ng6 14. Nhf5 Ne7 15. Nxe7+ Qxe7 16. Bxa7 Rxa7 17. f4 c5 18. Bc2 {1-0 (41) Carlsen,M (2826)-Nakamura,H (2758) London 2011}) 11. h3 Be6 12. Nh2 Bxb3 $146 {The position is equal.} ({Predecessor:} 12... Ne7 13. Qf3 Ng6 14. Nf5 Bxb3 {1-0 (38) Yu,S (2473)-Wang,Z (1795) Qinhuangdao 2017}) 13. axb3 Ne7 14. Qf3 Ng6 15. Nf5 Re6 16. Ng4 Nxg4 17. hxg4 Nh4 18. Qh3 Nxf5 19. exf5 Re8 {[#]} 20. Bxh6 $1 {[%mdl 512]} gxh6 21. Qxh6 {Black must now prevent f6.} f6 $1 22. Qg6+ Kf8 $2 (22... Kh8 $11 {and Black has nothing to worry.}) 23. g5 $1 $40 {[%mdl 128] White goes for the king.} fxg5 (23... Re7 {is a better defense.}) 24. f6 {[%csl Gf6][%cal Rg6g7]} Qd7 25. Ra4 e4 {[#]} 26. Re1 $1 {[%mdl 1024] White has strong compensation.} ({Stronger than} 26. Rxe4 Rxe4 27. dxe4 g4 $11) ({And not} 26. dxe4 Re5 $11) 26... e3 $2 (26... d5 27. Qh6+ (27. dxe4 Re5 $18) 27... Kg8) 27. Qh6+ {Accuracy: White = 84%, Black = 47%.} 1-0

[Event "Chinese Chess League 2019"]
[Site "Shen Yang"]
[Date "2019.11.23"]
[Round "18.23"]
[White "Bai, Jinshi"]
[Black "Lin, Yi"]
[Result "1-0"]
[WhiteElo "2600"]
[BlackElo "2425"]
[Annotator "ChessBase"]
[PlyCount "95"]
[EventDate "2019.04.09"]
[EventType "team-tourn"]
[EventCountry "CHN"]
[SourceTitle "playchess.com"]
[Source "ChessBase"]
[SourceQuality "1"]
[TimeControl "5400+30"]

1. d4 {[%emt 0:00:00]} Nf6 {[%emt 0:00:00]} 2. c4 {[%emt 0:00:00]} g6 {[%emt 0:00:00]} 3. Nc3 {[%emt 0:00:11]} d5 {[%emt 0:00:01]} 4. Bg5 {[%emt 0:00:34]} Bg7 {[%emt 0:03:28]} 5. Bxf6 {[%emt 0:00:21]} Bxf6 {[%emt 0:00:06]} 6. cxd5 {[%emt 0:00:06]} c5 {[%emt 0:02:41]} 7. dxc5 {[%emt 0:00:16]} Nd7 {[%emt 0:00:51]} 8. e3 {[%emt 0:00:29]} O-O {[%emt 0:02:52]} 9. Bc4 {[%emt 0:00:48]} Nxc5 {[%emt 0:00:26]} 10. Nge2 {[%emt 0:03:28]} Qb6 {[%emt 0:04:28]} 11. Qd2 {[%emt 0:03:14]} Bf5 {[%emt 0:07:16]} 12. O-O {[%emt 0:11:31]} Rac8 {[%emt 0:07:02]} 13. Rac1 {[%emt 0:02:52]} Rfd8 {[%emt 0:06:07]} 14. b3 {[%emt 0:10:03]} a6 {[%emt 0:12:08]} 15. Rfd1 {[%emt 0:19:59]} Qd6 {[%emt 0:13:05]} 16. Ng3 {[%emt 0:11:50]} b5 {[%emt 0:02:54]} 17. Bf1 {[%emt 0:00:29]} b4 {[%emt 0:03:19]} 18. Nce2 {[%emt 0:02:08]} a5 {[%emt 0:23:44]} 19. Nxf5 {[%emt 0:02:15]} gxf5 {[%emt 0:00:01]} 20. Ng3 {[%emt 0:00:59]} Ne4 {[%emt 0:01:59]} 21. Nxe4 {[%emt 0:00:48]} fxe4 {[%emt 0:00:02]} 22. Rxc8 {[%emt 0:06:48]} Rxc8 {[%emt 0:00:03]} 23. Qe2 {[%emt 0:00:14]} Qd7 {[%emt 0:05:04]} 24. d6 {[%emt 0:01:15]} exd6 {[%emt 0:00:01]} 25. Rxd6 {[%emt 0:00:07]} Qxd6 {[%emt 0:00:03]} 26. Qg4+ {[%emt 0:00:04]} Bg7 {[%emt 0:00:05]} 27. Qxc8+ {[%emt 0:00:04]} Bf8 {[%emt 0:00:13]} 28. Qg4+ {[%emt 0:00:11]} Qg6 {[%emt 0:00:05]} 29. Qd7 {[%emt 0:00:55]} Kg7 {[%emt 0:05:03]} 30. Bc4 {[%emt 0:00:35]} Qf6 {[%emt 0:00:16]} 31. g3 {[%emt 0:01:14]} Be7 {[%emt 0:01:29]} 32. Bd5 {[%emt 0:06:47]} Qf3 {[%emt 0:00:29]} 33. Bc6 {[%emt 0:00:05]} Bg5 {[%emt 0:00:32]} 34. Qd4+ {[%emt 0:00:26]} Qf6 {[%emt 0:00:23]} 35. Qxf6+ {[%emt 0:00:34]} Bxf6 {[%emt 0:00:16]} 36. Bxe4 {[%emt 0:00:04]} h6 {[%emt 0:00:04]} 37. f4 {[%emt 0:01:57]} Bb2 {[%emt 0:00:28]} 38. Kf2 {[%emt 0:00:09]} Kf8 {[%emt 0:00:31]} 39. Kf3 {[%emt 0:01:19]} Bc1 {[%emt 0:00:15]} 40. Bd5 {[%emt 0:00:12]} Ke7 {[%emt 0:00:47]} 41. e4 {[%emt 0:00:57]} f6 {[%emt 0:00:11]} 42. Kg4 {[%emt 0:00:31]} Be3 {[%emt 0:00:31]} 43. Kf5 {[%emt 0:10:11]} Bg1 {[%emt 0:00:36]} 44. h3 {[%emt 0:00:04]} Bd4 {[%emt 0:00:50]} 45. g4 {[%emt 0:00:35]} Kd6 {[%emt 0:01:00]} 46. h4 {[%emt 0:00:46]} Be3 {[%emt 0:00:16]} 47. Kxf6 {[%emt 0:01:10]} Bxf4 {[%emt 0:00:04]} 48. g5 {[%emt 0:00:03] Kxd5} 1-0

[Event "Chinese Chess League 2019"]
[Site "Shen Yang"]
[Date "2019.11.23"]
[Round "18.24"]
[White "Zhao, Shengxin"]
[Black "Gu, Tianlu"]
[Result "1/2-1/2"]
[WhiteElo "2099"]
[BlackElo "2259"]
[Annotator "TA"]
[PlyCount "74"]
[EventDate "2019.04.09"]
[EventType "team-tourn"]
[EventCountry "CHN"]
[SourceTitle "playchess.com"]
[Source "ChessBase"]
[SourceQuality "1"]

{[%evp 23,74,12,11,12,31,15,14,18,20,15,7,18,0,0,0,0,0,0,0,0,0,0,2,2,2,2,2,2,10,7,24,0,0,0,24,24,24,24,24,10,17,17,17,0,0,0,16,0,0,0,14,0,0]} 1. d4 Nf6 2. c4 e6 3. g3 d5 4. Bg2 dxc4 5. Nf3 c5 6. O-O Nc6 7. dxc5 Qxd1 8. Rxd1 Bxc5 9. Nbd2 c3 10. bxc3 O-O 11. Nb3 Be7 12. Nfd4 Bd7 13. Bg5 {E04: Open Catalan: 5 Nf3} Rfd8 14. Bxf6 Bxf6 15. Nc5 Na5 {[#]} 16. Nxb7 $146 ({Predecessor:} 16. Ndb3 Nxb3 17. axb3 Bxc3 18. Bxb7 Bxa1 19. Bxa8 Rxa8 20. Rxd7 a5 {½-½ (31) Xu,Y (2531)-Lu,S (2636) China 2018}) 16... Nxb7 17. Bxb7 Rab8 18. Rab1 Ba4 19. Rdc1 Bxd4 20. cxd4 Rxd4 21. Be4 Rxb1 22. Bxb1 {[#] White wants to mate with Rc8+.} Rd1+ 23. Rxd1 Bxd1 $11 {[%mdl 4096] Endgame KB-KB} 24. Kf1 Kf8 25. Ke1 ({Much weaker is} 25. Bxh7 g6 $17) 25... Ba4 26. Kd2 ({Of course not} 26. Bxh7 g6 $17) 26... h6 27. Bd3 Ke7 28. Kc3 Kd6 29. Kb4 Bc6 30. a3 e5 31. h4 f6 {The position is equal.} 32. Ka5 Bb7 33. Ba6 Bc6 34. Bd3 Bb7 35. Ba6 Bc6 36. Bd3 Bb7 37. Ba6 Bc6 {Accuracy: White = 58%, Black = 88%.} 1/2-1/2

[Event "Chinese Chess League 2019"]
[Site "Shen Yang"]
[Date "2019.11.23"]
[Round "18.25"]
[White "Zhou, Zirun"]
[Black "Girya, Olga"]
[Result "0-1"]
[WhiteElo "2121"]
[BlackElo "2476"]
[Annotator "TA"]
[PlyCount "42"]
[EventDate "2019.04.09"]
[EventType "team-tourn"]
[EventCountry "CHN"]
[SourceTitle "playchess.com"]
[Source "ChessBase"]
[SourceQuality "1"]

{[%evp 16,52,29,21,22,-52,-51,-45,-54,-58,-58,-104,-104,-106,-97,-102,-109,-147,-142,-144,-108,-114,-118,-111,-123,-216,-127,-201,-152,-179,-138,-143,-132,-170,-178,-197,-200,-525,-520]} 1. d4 Nf6 2. c4 e6 3. Nc3 Bb4 4. e3 O-O 5. Bd3 c5 6. Nf3 b6 7. O-O Bxc3 8. bxc3 Bb7 9. Nd2 Nc6 {E43: Nimzo-Indian: Rubinstein: 4...b6} 10. Ne4 (10. Re1 $11) (10. Re1 d6 11. f3 Rc8 12. Bb2 Ba6 13. Qe2 Qd7 14. e4 Na5 15. Rac1 e5 16. Nf1 Nh5 17. g3 {½-½ (53) Agdestein,S (2581)-Vitiugov,N (2734) Helsingor 2018}) 10... Nxe4 $146 ({Predecessor:} 10... d6 11. Qc2 Na5 12. Nxf6+ Qxf6 13. Bxh7+ {1-0 (29) McRorie,A-Robinson,E London,Canada 1995}) 11. Bxe4 Na5 {Black is slightly better.} 12. Bxb7 Nxb7 13. Ba3 d6 14. e4 Na5 15. Qe2 Qd7 16. e5 {[#]} Qa4 $1 {[%cal Ra4a3][%mdl 64] Double Attack} 17. Bc1 Qxc4 18. Qg4 {aiming for Bh6!} f5 19. exf6 Rxf6 20. Bf4 (20. Bg5 $17 {was worth a try.} Rf7 21. h3) 20... Rg6 ({Don't play} 20... Qxc3 21. Bxd6 Qxd4 22. Qxd4 $17) (20... cxd4 $19 21. Bxd6 d3) 21. Qh3 {[#]} (21. Qd1 $17) 21... cxd4 {Played: e6-e5} 0-1

[Event "Chinese Chess League 2019"]
[Site "Shen Yang"]
[Date "2019.11.23"]
[Round "18.26"]
[White "Malakhov, Vladimir"]
[Black "Xu, Yi"]
[Result "1-0"]
[WhiteElo "2665"]
[BlackElo "2541"]
[Annotator "ChessBase"]
[PlyCount "75"]
[EventDate "2019.04.09"]
[EventType "team-tourn"]
[EventCountry "CHN"]
[SourceTitle "playchess.com"]
[Source "ChessBase"]
[SourceQuality "1"]
[TimeControl "5400+30"]

1. Nf3 {[%emt 0:00:00]} d5 {[%emt 0:00:00]} 2. e3 {[%emt 0:00:00]} Nf6 {[%emt 0:00:00]} 3. c4 {[%emt 0:00:00]} e6 {[%emt 0:00:00]} 4. Nc3 {[%emt 0:00:00]} b6 {[%emt 0:00:01]} 5. b3 {[%emt 0:00:56]} Bb7 {[%emt 0:00:08]} 6. Bb2 {[%emt 0:00:04]} Nbd7 {[%emt 0:00:07]} 7. Rc1 {[%emt 0:00:23]} a6 {[%emt 0:00:17]} 8. cxd5 {[%emt 0:00:13]} exd5 {[%emt 0:00:06]} 9. d4 {[%emt 0:00:03]} Bd6 {[%emt 0:00:08]} 10. g3 {[%emt 0:00:05]} O-O {[%emt 0:00:08]} 11. Bg2 {[%emt 0:00:02]} Ne4 {[%emt 0:04:41]} 12. O-O {[%emt 0:00:37]} Qe7 {[%emt 0:04:12]} 13. Re1 {[%emt 0:18:08]} Rae8 {[%emt 0:15:15]} 14. Ne2 {[%emt 0:01:27]} a5 {[%emt 0:00:37]} 15. Nf4 {[%emt 0:09:16]} c6 {[%emt 0:03:37]} 16. Nd3 {[%emt 0:02:32]} f6 {[%emt 0:03:55]} 17. Re2 {[%emt 0:03:29]} Qf7 {[%emt 0:01:12]} 18. Rec2 {[%emt 0:03:00]} Rc8 {[%emt 0:09:30]} 19. Nd2 {[%emt 0:03:30]} Nxd2 {[%emt 0:00:10]} 20. Qxd2 {[%emt 0:09:18]} Rfe8 21. a4 {[%emt 0:09:50]} Rc7 22. Bc3 {[%emt 0:03:09]} Ba6 23. Bb2 {[%emt 0:06:01]} Nb8 {[%emt 0:06:39]} 24. Rd1 {[%emt 0:04:07]} Kh8 25. Bf1 {[%emt 0:00:08]} Qe7 26. Bc3 {[%emt 0:01:08]} Ra7 27. Rb1 {[%emt 0:06:42]} Rc8 28. b4 {[%emt 0:08:52]} axb4 {[%emt 0:37:08]} 29. Bxb4 {[%emt 0:00:00]} Nd7 30. Bxd6 {[%emt 0:05:55]} Qxd6 {[%emt 0:00:09]} 31. Bh3 {[%emt 0:00:00]} Bc4 32. Nb2 {[%emt 0:07:38]} b5 {[%emt 0:00:36]} 33. axb5 {[%emt 0:02:15]} cxb5 {[%emt 0:10:55]} 34. Nxc4 {[%emt 0:00:27]} bxc4 {[%emt 0:00:26]} 35. Qb4 {[%emt 0:00:00]} Qc7 {[%emt 0:01:23]} 36. Qe7 {[%emt 0:00:00]} Rd8 {[%emt 0:00:56]} 37. Rcb2 {[%emt 0:00:00]} h6 {[%emt 0:03:40]} 38. Rb7 {[%emt 0:00:00]} 1-0

[Event "Chinese Chess League 2019"]
[Site "Shen Yang"]
[Date "2019.11.23"]
[Round "18.27"]
[White "Wang, Yue"]
[Black "Ni, Hua"]
[Result "1/2-1/2"]
[WhiteElo "2677"]
[BlackElo "2672"]
[Annotator "TA"]
[PlyCount "60"]
[EventDate "2019.04.09"]
[EventType "team-tourn"]
[EventCountry "CHN"]
[SourceTitle "playchess.com"]
[Source "ChessBase"]
[SourceQuality "1"]

{[%evp 18,60,8,3,9,0,0,0,34,28,28,23,25,0,0,0,0,0,21,27,30,20,10,4,32,0,0,0,14,0,0,-44,0,0,0,0,0,-44,-44,-44,-44,-44,-44,-89,-89]} 1. e4 e5 2. Nf3 Nc6 3. Bb5 a6 4. Ba4 Nf6 5. O-O Be7 6. d3 b5 7. Bb3 d6 8. a3 O-O 9. Nc3 Bg4 10. Be3 Nd4 {C84: Closed Ruy Lopez: Unusual White 6th moves} 11. Bxd4 exd4 12. Nd5 Nxd5 {The position is equal.} (12... Nd7 13. h3 Bxf3 14. Qxf3 c6 15. Nf4 Nc5 16. Ba2 a5 17. Qg4 Kh8 18. Ne2 {1-0 (48) Caruana,F (2828)-Postny,E (2623) chess.com INT 2019}) 13. Bxd5 Rb8 14. h3 Bd7 $146 ({Predecessor:} 14... Bxf3 15. Qxf3 Qd7 16. Qh5 c6 17. Bb3 Rbe8 18. a4 {1-0 (48) Ivic,V (2497)-Pratyusha,B (2273) Djenovici 2018}) 15. Re1 Bf6 16. Qd2 c6 17. Bb3 Qe7 18. a4 b4 19. Qf4 Be5 20. Nxe5 Qxe5 21. Qxe5 (21. Qh4 {keeps more tension.} Be6 22. f4 Qc5 23. Rac1 Rbc8 24. Qg3) 21... dxe5 22. Rf1 Be6 23. Bxe6 fxe6 $11 {[%mdl 4096] Endgame KRR-KRR} 24. b3 g5 25. f3 Kg7 26. g3 Rf6 27. Kg2 Rbf8 28. Rf2 h5 29. Rh1 h4 30. g4 a5 {Accuracy: White = 59%, Black = 62%.} 1/2-1/2